000 01069nam0a2200301 4500
001 RU\NLR\bibl\1789424
005 20260405172552.0
010 _a978-5-9567-0044-0
_91500
021 _aRU
_b2011-47672
_93389
035 _a(NLR Aleph) 001780134
090 _a1692333
_c1692333
100 _a20110715d2011 |||y0rusy50 ca
101 0 _arus
102 _aRU
105 _aa |||||||||
200 1 _aВаш аквариум
_eпопулярная энциклопедия
_fЕ. Пыльцына
210 _aРостов-на-Дону
_cВладис
_d2011
215 _a639 с., [16] л. цв. ил.
_cил.
_d21
320 _aАлф. указ.: с. 615-622
606 1 _aАквариумное рыбоводство
_jПопулярные издания
_9938445
_3RU\NLR\auth\6628130
686 _aП729.9я9
700 1 _4070
_8rus
_7ca
_aПыльцына
_bЕ. Е.
_gЕлена Евгеньевна
_3RU\NLR\auth\7774059
_956987
801 0 _aRU
_bNLR
_c20110715
_gRCR
801 1 _aRU
_bNLR
_c20110715
942 _cBOOK
980 _aNB
980 _aNBR